Komparácia ekonomického vývoja dvoch Kóreí v období autokratických vlád bakalárska práca

Saved in:
Bibliographic Details
Main Author: Fabiánová, Ivana
Corporate Author: Fakulta medzinárodných vzťahov EU. Katedra medzinárodných ekonomických vzťahov a hospodárskej diplomacie
Other Authors: Szikorová, Nóra
Format: Book
Language:Slovak
Published: Bratislava 2014
Tags: Add Tag
No Tags, Be the first to tag this record!

MARC

LEADER 00000nbm a2200000 4500
001 0187696
005 20170201090744.8
041 0 |a slo 
044 |a SK 
245 1 0 |a Komparácia ekonomického vývoja dvoch Kóreí v období autokratických vlád  |b bakalárska práca  |c Ivana Fabiánová ; školiteľ: Nóra Szikorová 
264 1 |a Bratislava  |c 2014 
300 |a 56 s. 
100 1 |a Fabiánová, Ivana 
700 1 |a Szikorová, Nóra 
710 2 |a Fakulta medzinárodných vzťahov EU. Katedra medzinárodných ekonomických vzťahov a hospodárskej diplomacie